000 nam a22 7a 4500
999 _c9150
_d9150
008 180123b ||||| |||| 00| 0 eng d
100 _aNCERT
_95420
245 _aPhysical environment Geography I
260 _aNew Delhi
_bNCERT
_c2006